000 00966 a2200253 4500
008 130821s2013 enkab gr eng
020 _a9780857938831
040 _aCO-BoUCM
_bspa
_cAdriana León
_dHenry Ríos
041 0 0 _aeng
100 1 0 _aPrimecz, Henriett
_939515
245 0 0 _aCross-Cultural management in practice culture and negotiated meanings
_cHenriett Primecz, Laurence Romani y Sonja Sackmann
260 _aLondres (Inglaterra)
_bEdward Elgar Publishing
_c2013
300 _axx, 165 páginas,
_bmapas, tablas
504 _aIncluye referencias bibliográficas e índices
650 7 _aComunicación intercultural
_911372
650 7 _aIntegración cultural
_917819
650 7 _aInteracción cultural
_939516
650 7 _aRelaciones culturales
_923437
690 _aCultura
700 1 0 _aRomani, Laurence
_939819
700 1 0 _aSackmann, Sonja
_939820
942 _cLIBRO
_a5
_e1
_mC951
_2DEWEY
_h303.483
999 _c166669
_d166669